Little Book Of Yoga (Record no. 154830)
[ view plain ]
| 000 -LEADER | |
|---|---|
| fixed length control field | 00306nam a2200121Ia 4500 |
| 008 - FIXED-LENGTH DATA ELEMENTS--GENERAL INFORMATION | |
| fixed length control field | 230411s9999 xx 000 0 und d |
| 041 ## - LANGUAGE CODE | |
| Language code of text/sound track or separate title | eng |
| 082 ## - DEWEY DECIMAL CLASSIFICATION NUMBER | |
| Classification number | X/613.7046/VAS/B04057 |
| 100 ## - MAIN ENTRY--PERSONAL NAME | |
| Personal name | Vaswani J P |
| 245 ## - TITLE STATEMENT | |
| Title | Little Book Of Yoga |
| 260 ## - PUBLICATION, DISTRIBUTION, ETC. (IMPRINT) | |
| Name of publisher, distributor, etc. | Sterling Publishers |
| Place of publication, distribution, etc. | New Delhi |
| Withdrawn status | Lost status | Damaged status | Not for loan | Collection code | Home library | Current library | Date acquired | Vendor | Cost, normal purchase price | Total Checkouts | Full call number | Barcode | Date last seen | Cost, replacement price | Bill Date | Koha item type | Original Barcode |
|---|---|---|---|---|---|---|---|---|---|---|---|---|---|---|---|---|---|
| Smt. Bakul Tambat Institute of Nursing Education | Smt. Bakul Tambat Institute of Nursing Education | 29/05/2007 | Donated | 50.00 | X 613.7046 VAS B04057 | BTIN-BK-4057 | 11/04/2023 | 50.00 | 29/05/2007 | Books | B04057 |